Wszyscy mieszkańcy każdego świata w The Sims 2 - Statystyki

Ogólne statystyki
  • Ten quiz został rozwiązany 22 razy
  • Średni wynik to 28 z 96
Statystyki odpowiedzi
Hint Odpowiedź % Poprawnych
Miłowo Kasandra Ćwir
95%
Miłowo Aleksander Ćwir
89%
Miłowo Mortimer Ćwir
89%
Miłowo Nina Kaliente
89%
Miłowo Dina Kaliente
84%
Miłowo Don Lotario
79%
Miłowo Balbina Biedak
74%
Miłowo Daniel Przyjemniaczek
74%
Miłowo Dariusz Marzyciel
74%
Miłowo Liliana Przyjemniaczek
74%
Miłowo Marysia Przyjemniaczek
74%
Miłowo Błażej Biedak
68%
Miłowo Damian Biedak
68%
Miłowo Szczepan Marzyciel
68%
Miłowo Andżelika Przyjemniaczek
58%
Dziwnowo Nerwus Jakiś
58%
Dziwnowo Oliwka Widmo
58%
Dziwnowo Ofelia Zmrok
53%
Dziwnowo Janka Kowal
47%
Dziwnowo Jasiek Kowal
47%
Werona Julia Kapulet
47%
Dziwnowo Paskal Dziwak
47%
Werona Romeo Montek
47%
Dziwnowo Technik Zapylacz #9
47%
Dziwnowo Celina Papużka
42%
Dziwnowo Jadźka Kowal
42%
Dziwnowo Waldemar Dziwak
42%
Dziwnowo Bartłomiej Kamasz
32%
Dziwnowo Damazy Kamasz
32%
Dziwnowo Lucjan Papużka
32%
Kwitnące Wzgórza Róża Zielonka
32%
Kwitnące Wzgórza Stella Sęk
32%
Kwitnące Wzgórza Aleksander Sęk
26%
Kwitnące Wzgórza Donald Szpadel
26%
Werona Hermia Kapulet
26%
Zatoka Pokrzyku Katarzyna Serducho
26%
Dziwnowo Leszek Dziwak
26%
Dziwnowo Rupert Kamasz
26%
Kwitnące Wzgórza Sandra Sęk
26%
Kwitnące Wzgórza Stokrotka Zielonka
26%
Werona Tybalt Kapulet
26%
Zatoka Pokrzyku Andrzej Debata
21%
Kwitnące Wzgórza Andrzej Marcin
21%
Dziwnowo Generał Bolesław Kamasz
21%
Zatoka Pokrzyku Henryka Podarek
21%
Kwitnące Wzgórza Jakub Marcin
21%
Kwitnące Wzgórza Józek Zielonka
21%
Kwitnące Wzgórza Julka Łopatka
21%
Kwitnące Wzgórza Maksym Sęk
21%
Zatoka Pokrzyku Mirosława Debata
21%
Werona Oberon Jutrzenka
21%
Zatoka Pokrzyku Samanta Serducho
21%
Zatoka Pokrzyku Tymoteusz Podarek
21%
Zatoka Pokrzyku Bernardyn Pojemnik
16%
Kwitnące Wzgórza Gienek Łopatka
16%
Werona Izabella Montek
16%
Zatoka Pokrzyku Janusz Spławik
16%
Kwitnące Wzgórza Katarzyna Siejba
16%
Kwitnące Wzgórza Kleopatra Doniczka
16%
Werona Konstanty Kapulet
16%
Zatoka Pokrzyku Mariola Spławik
16%
Werona Merkucjo Montek
16%
Kwitnące Wzgórza Patrycja Gołoledź
16%
Werona Patryk Montek
16%
Werona Puk Jutrzenka
16%
Werona Teodozja Jutrzenka
16%
Zatoka Pokrzyku Teresa Bokser
16%
Werona Tytania Jutrzenka
16%
Zatoka Pokrzyku Adam Kandydat
11%
Zatoka Pokrzyku Cezary Chomik
11%
Zatoka Pokrzyku Gabriel Zielonka
11%
Magia Grażyna Gazeta
11%
Zatoka Pokrzyku Irmina Giczoł
11%
Zatoka Pokrzyku Jagoda Bokser
11%
Zatoka Pokrzyku Jerzy Spławik
11%
Magia Albert Cacko
5%
Magia Alojzy Gazeta
5%
Kwitnące Wzgórza Basia Złotko
5%
Zatoka Pokrzyku Beniamin Łysoń
5%
Magia Gabriela Gazeta
5%
Magia Gerwazy Gazeta
5%
Magia Gustaw Gazeta
5%
Magia Halszka Cacko
5%
Magia Ilona Gazeta
5%
Zatoka Pokrzyku Izabella Łysoń
5%
Zatoka Pokrzyku Jadwiga Ołów
5%
Zatoka Pokrzyku Małgorzata Wycior
5%
Magia Maria Oplot
5%
Zatoka Pokrzyku Mariusz Łysoń
5%
Magia Nikodem Oplot
5%
Zatoka Pokrzyku Ryszard Wycior
5%
Egzotyczne miejsca Teodor Podróżnik
5%
Egzotyczne miejsca Teresa Podróżnik
5%
Egzotyczne miejsca Tina Podróżnik
5%
Zatoka Pokrzyku Zofia Łysoń
5%
Magia Igancy Oplot
0%
Nie znaleziono quizów pasujących do podanych kryteriów
Rozkład punktacji
Procent ludzi z każdym wynikiem
Percentyl według liczby udzielonych odpowiedzi
Twoja historia wyników
Nie rozwiązałeś tego quizu